000 00765nam a2200241Ia 4500
005 20260429112202.0
008 260429s9999||||xx |||||||||||||| ||und||
020 _a9781009453639
041 _aEnglish
082 _a320.5662
_bBEV
100 _aBevernage, Berber
245 0 _aClaiming the people's past :
_bpopulist politics of history in the twenty-first century /
_cBerber Bevernage
250 _a1st ed.
260 _aUnited Kingdom :
_bCambridge University Press,
_c2024.
300 _axiv, 343 p.; hb
440 _aMetamorphoses of the political : multidisciplinary approaches
650 _a Politics
650 _aHistory
700 _a Mestdagh, Eline
700 _a Ramalho, Walderez
700 _a Verbergt, Marie-Garbrielle
942 _cTB
999 _c52783
_d52783